01828nam a2200325 a 4500003000900000005001700009007000300026008004100029020001800070040002500088082001400113100003600127245011200163260009300275300003000368500007500398505002300473505038300496590002700879650009000906650004500996651005401041700002901095700004501124910001101169942001401180952014301194952014801337999001701485DO-SdBNP20220701122126.0ta220628e2013 dr h|||er|||| 001 mdspa d a9789945488135 aDO-SdBNPbspacBNPHU 4222bF363n1 972877aFernández, Papod1963-10a¡Najayo!..b"pues yo si jayé. /cPapo Fernández; Editor, Noe Zayas, Prólogo, Pedro Carreras Aguilera aSan Francisco de Macorís, República Dominicana :bPapiros Talleres Gráficos,c2013 a109 p. :bfacs. ;c21 cm. aIncluye datos biográficos del autor en las solapas de las cubierta. 0 a1.- Dedicatoria.--0 a2.- Prólogo.t3.- Palabras el autor.--t4.- Participación en la cámara de diputados.--t5.- Un grandote y Gigante Besote!.--t6.- ¿Por qué?.--t7.- El hombre... es su Palabra?.-- t8.- Privilegios en Cárcel.--t9.- No es la gran vaina.--t10.- Lean esto.--t11.- Cosas de Najayo.--t12.- Retazos de mi Pensamiento.--t13.- Otros Dicien:t14.- Al final.--t15.- Anexos aInventariado 2022 / MF 4916921aProsavRelatos personalesxCritica e Interpretación.zRepública Dominicana 4aPrisioneszRepública Dominicana914299 4978581aRepública DominicanaxRelatos personales1 913123aZayas, Noéeed.1 943438aCarreras Aguilera, Pedroepról. aMFeliz 2ddccLBS1 00102ddc51708PDaBNPHUbBNPHUcCTd2019-04-10eDepósito legaloF363np2022-3234r2022-06-28w2022-06-28yLBS1zEjemplar autografiado 00102ddc51708PDaBNPHUbBNPHUcCTd2019-04-10eDepósito legaloF363np2022-3235r2022-06-28te.2w2022-06-28yLBS1zEjemplar autografiado c52119d52119